000 00740cam a22002411 4500
001 gs 51000148
003 DLC
005 20260227111357.0
008 770826s1951 msuab s000 0 eng c
010 _ags 51000148
035 _a(OCoLC)3221108
040 _aU.S. Geol. Survey. Libr.
_cNcBoA
_dDLC
042 _apremarc
043 _an-us-ms
050 0 0 _aQE129
_b.A2 no. 73
082 _a553.3
100 1 _aVestal, Franklin E.
_q(Franklin Earl),
_d1884-1969.
245 0 0 _aWebster County iron ores.
260 _aUniversity, Miss.,
_c1951.
300 _a48 p.
_billus., fold. map.
_c23 cm.
410 2 0 _aMississippi Geological, Economic, and Topographical Survey
_tBulletin
_v73
650 0 _aIron ores
_zMississippi
_zWebster County.
999 _c28560
_d28560